书目信息 |
| 题名: |
1979-1980中文图书印刷卡片累积联合目录
|
|
| 作者: | ;北京图书馆中文统一编目组 编 | |
| 分册: | 下册 | |
| 出版信息: | 北京 书目文献出版社 1983 |
|
| 页数: | 934页 | |
| 开本: | 25cm | |
| 丛书名: | ||
| 单 册: | ||
| 中图分类: | Z822.1 | |
| 科图分类: | ||
| 主题词: | 国家图书馆--图书馆目录--中国--1979-1980 , 图书馆目录--国家图书馆--中国--1979-1980 , 图书馆目录 | |
| 电子资源: | ||
| ISBN: | ||
| 000 | 00865sam 2200026545 bei | |
| 001 | 0634436349 | |
| 002 | 0195063190 | |
| 005 | 20060808093737.17 | |
| 010 | @b精装@d¥20 | |
| 091 | @a17201.28 | |
| 100 | @a19950106d1983 em y0chiy0121 ea | |
| 101 | 0 | @achi |
| 102 | @aCN@b110000 | |
| 105 | @ay b 000yy | |
| 106 | @ar | |
| 200 | 10 | @a1979-1980中文图书印刷卡片累积联合目录@f北京图书馆中文统一编目组编@h下册@Azhong wen tu shu yin shua ka pian lei ji lian he mu lu |
| 210 | @a北京@c书目文献出版社@d1983 | |
| 215 | @a934页@d25cm | |
| 606 | @a国家图书馆--图书馆目录@y中国@z1979-1980 | |
| 606 | @a图书馆目录--国家图书馆@y中国@z1979-1980 | |
| 606 | 0 | @a图书馆目录 |
| 690 | @aZ822.1@v3 | |
| 711 | 12 | @a北京图书馆中文统一编目组@Abei jing tu shu guan zhong wen tong yi bian mu zu@4编 |
| 801 | 0 | @aCN@b上海图书馆 @c20060808 |
| 905 | @a10447@dZ822.1@e7:2 | |
| 1979-1980中文图书印刷卡片累积联合目录/北京图书馆中文统一编目组编.下册.-北京:书目文献出版社,1983 |
| 934页;25cm |
| ISBN (精装):¥20 |
| ● |
| 相关链接 |
|
|
|
|
正题名:1979-1980中文图书印刷卡片累积联合目录
索取号:Z822.1/7:2
 
预约/预借
| 序号 | 登录号 | 条形码 | 馆藏地/架位号 | 状态 | 备注 |
| 1 | 0451702 | 204517022 | 密集书库/ [索取号:Z822.1/7:2] | 在馆 | |
| 2 | 0451703 | 204517031 | 密集书库/ [索取号:Z822.1/7:2] | 在馆 |